00664nam a2200181 a 4500001001000000005001700010008004100027041000800068044000600076050002100082100001900103245021700122260004400339300002300383500000900406650002900415651003800444BRCA_353220190320204325.0280709s1919----u--a---###---#000-0#eng-# aeng au 4aF1376b.K44 19191 aKelsey, Albert10aYucatecan scenes and soudsbAn addresscby Albert Kelsey... delivered before the Numismatic and Antiquarian Society of Philadelphia on March 18, 1918, published simultaneously with the Proceedings of the Society. aPhiladelphia, Pensilvaniab[s.n.]c1919 a40 p.bil.c21 cm. aB19814aViajeros estadounidenses 4aYucatánxDescripción y viajes